| 000 | 00640nam a2200229Ia 4500 | ||
|---|---|---|---|
| 005 | 20260320201938.0 | ||
| 008 | 008 262003s9999 xx 000 0 eng d | ||
| 037 | _aEBOOK | ||
| 040 | _aCRL | ||
| 040 | _beng | ||
| 040 | _cCRL | ||
| 041 | _2eng | ||
| 041 | _aeng | ||
| 084 | _qCRL | ||
| 100 |
_aGalli _91136389 |
||
| 245 | 0 | _aPython Feature Engineering Cookbook: Over 70 recipes for creating, engineering, and transforming features to build machine learning models | |
| 260 | _bIEEE | ||
| 856 | _uhttps://ieeexplore.ieee.org/servlet/opac?bknumber=10163183 | ||
| 942 | _cEBOOK | ||
| 999 |
_c1724423 _d1724423 |
||